000 00276nam a22001217a 4500
008 171012b xxu||||| |||| 00| 0 eng d
041 _aeng
080 _a316
100 _a50
101 _aSOC
245 _aMETHODS OF RESEARCH IN COMMUNICATION
_cEMMERT, PH
942 _2udc
_cBK
999 _c33323
_d33323